书目信息 |
| 题名: |
合唱金曲100首
|
|
| 作者: | 姚莉 , 单亚莉 , 晓眉 选编 | |
| 分册: | ||
| 出版信息: | 西安 西安出版社 1997.3 |
|
| 页数: | 428页 | |
| 开本: | 19cm | |
| 丛书名: | 20世纪优秀歌库 | |
| 单 册: | ||
| 中图分类: | J652.53 | |
| 科图分类: | ||
| 主题词: | 外国音乐--作品 , 合唱--歌曲--世界 | |
| 电子资源: | ||
| ISBN: | 7-80594-353-2 | |
| 000 | 00727nam2 2200253 45 | |
| 001 | 0006121554 | |
| 005 | 20041105113205.1 | |
| 010 | @a7-80594-353-2@dCNY17.00 | |
| 100 | @a20000612d1997 km y0chiy0120 ea | |
| 101 | @achi | |
| 105 | @a z 000yy | |
| 200 | 1 | @a合唱金曲100首@AHe Chang Jin Qu 100 Shou@f姚莉,单亚莉,晓眉选编@FYao Li,Dan Ya Li,Xiao Mei Xuan Bian |
| 210 | @a西安@c西安出版社@d1997.3 | |
| 215 | @a428页@d19cm | |
| 225 | @a20世纪优秀歌库 | |
| 410 | @12001 @a20世纪优秀歌库 | |
| 606 | 0 | @a外国音乐@x作品 |
| 606 | 0 | @a合唱@x歌曲@y世界 |
| 690 | @aJ652.53@v1 | |
| 701 | @a姚莉@4选编 | |
| 701 | 0 | @a单亚莉@4选编 |
| 701 | 0 | @a晓眉@4选编 |
| 801 | @aCN@bTSTC@c20000612 | |
| 905 | @f5@b289120-124@dJ652.53@e223 | |
| 合唱金曲100首/姚莉,单亚莉,晓眉选编.-西安:西安出版社,1997.3 |
| 428页;19cm.-(20世纪优秀歌库) |
| ISBN 7-80594-353-2:CNY17.00 |
| ● |
| 相关链接 |
|
|
|
|
正题名:合唱金曲100首
索取号:J652.53/223
 
预约/预借
| 序号 | 登录号 | 条形码 | 馆藏地/架位号 | 状态 | 备注 |
| 1 | 0289120 | 002891204 | 第一借阅区/ [索取号:J652.53/223] | 在馆 | |
| 2 | 0289121 | 002891213 | 第一借阅区/ [索取号:J652.53/223] | 在馆 | |
| 3 | 0289122 | 002891222 | 第一借阅区/ [索取号:J652.53/223] | 在馆 | |
| 4 | 0289123 | 002891231 | 第一借阅区/ [索取号:J652.53/223] | 在馆 | |
| 5 | 0289124 | 002891240 | 第一样本阅览室/ [索取号:J652.53/223] | 在馆 |